Escudos das Seleções da CONMEBOL - Statistics

Estatísticas Gerais
  • Esse quiz foi jogado 141 vezes
  • A pontuação média é 10 de 10
Estatísticas das Respostas
Imagem Resposta % Correto
Argentina
100%
Brasil
100%
Uruguai
100%
Colômbia
99%
Peru
99%
Chile
98%
Equador
98%
Venezuela
98%
Bolívia
97%
Paraguai
97%
Nenhum quiz correspondente encontrado
Distribuição das Pontuações
Porcentagem de Pessoas com Cada Pontuação
Percentil de Números Respondidos
Sua Pontuação Histórica
Você não jogou esse quiz